000 00674nam a2200229Ia 4500
003 OSt
005 20230522150710.0
008 210423s2017 xx 000 0 und d
020 _a978-93-5094-081-5
040 _cAL
041 _aeng
082 _a820.02 SOBU
100 _aSOBTI (Sukriti);DHANKER (Premlatha)
_9110487
245 _aUGC NET/SET(JRF and LS) English literature: paper II and III
260 _aNew Delhi
_bArihant Publications Ltd
_c2017
300 _a767
_bPB
365 _b625
_cINR
650 _aEnglish Literature
_9110488
650 _aLiterature
_9110489
906 _aEnglish ; literature: ; LS) ; NET/SET(JRF ; paper ; UGC
942 _2ddc
_cBK
999 _c167861
_d167861